Car Seat Headrest Albums and EPs Quiz - Statistics

General Stats
  • This quiz has been taken 41 times
    4 since last reset
  • The average score is 19 of 25
Answer Stats
Hint Answer % Correct
2010 1
100%
2010 2
100%
2010 3
100%
2010 4
100%
2014 How to Leave Town
100%
2010 Little Pieces of Paper with “No” Written on Them
100%
2020 Making a Door Less Open
100%
2012 Monomania
100%
2016 Teens of Denial
100%
2015 Teens of Style
100%
2025 The Scholars
100%
2011 Twin Fantasy
100%
2018 Twin Fantasy
100%
2013 Disjecta Membra
67%
2023 Faces from the Masquerade
67%
2012 Living While Starving
67%
2011 My Back Is Killing Me Baby
67%
2013 Nervous Young Man
67%
2010 Sunburned Shirts
67%
2019 Commit Yourself Completely
33%
2013 Live at WCWM: Car Seat Headrest
33%
2021 MADLO: Influences
33%
2021 MADLO: Remixes
33%
2025 Scholars: Early Hack
33%
2016 Spotify Sessions
33%
No matching quizzes found
Score Distribution
Percent of People with Each Score
Percentile by Number Answered
Your Score History
You have not taken this quiz since the last reset